01172cam a2200289 a 450000100090000000300040000900500170001300800410003001000170007102000350008802000180012304000180014105000210015908200190018010000220019924501180022125000120033926000350035130000570038650000350044350400650047853802250054365000300076865000330079870000250083170000260085613057223OSt20210818111136.0030114s2004 maua b 001 0 eng  a 2003042019 a0072820306 (hbk. : alk. paper) a9780070586918 aDLCcDLCdDLC00aBF713b.P35 200400a155221bPAP/H1 aPapalia, Diane E.10aHuman development /cDiane E. Papalia, Sally Wendkos Olds, Ruth Duskin Feldman ; in consultation with Dana Gross. a9th ed. aBoston :bMcGraw-Hill,cc2004. a1 v. (various pagings) :bill. (some col.)c29 cm. + aAccompanied by student CD-ROM. aIncludes bibliographical references (p. B1-B82) and indexes. aSystem requirements for accompanying CD-ROM: Windows 98 or higher, or Mac OS 8.6 or higher, with 48MB RAM, 4X CD-ROM drive, Netscape Navigator 5.x or higer, Microsoft Internet Explorer 5.1 or higher, IE Browser included. 0aDevelopmental psychology. 0aDevelopmental psychobiology.1 aOlds, Sally Wendkos.1 aFeldman, Ruth Duskin.